RuPaul Filmography - Statistics

General Stats
  • This quiz has been taken 30 times
    6 since last reset
  • The average score is 3 of 183
Answer Stats
Type Year Name % Correct
Web Series 2020 AJ and the Queen
60%
Web Special 2021 Dragging the Classics: The Brady Bunch
40%
Film 2016 Hurricane Bianca
20%
TV Show 2019 RuPaul
20%
Film 1987 RuPaul Is: Starbooty!
20%
TV Show 2009-Present RuPaul's Drag Race
20%
TV Show 2012-Present RuPaul's Drag Race All Stars
20%
TV Show 2019-Present RuPaul's Drag Race UK
20%
TV Show 1993, 2020 Saturday Night Live
20%
Film 2007 Starrbooty
20%
TV Show 2018 The Simpsons
20%
Film 1995 To Wong Foo, Thanks for Everything! Julie Newmar
20%
Award Show 2009 2009 New Now Next Awards
0%
TV Show 2017 2 Broke Girls
0%
TV Show 2017 Adam Ruins Everything
0%
TV Show 1995 All My Children
0%
Short Film 1986 American Porn Star
0%
TV Film 1995 A Mother's Prayer
0%
TV Show 2021-2022 Amphibia
0%
Web Series 2018 An Emmy for Megan
0%
TV Show 2017, 2018 Animals.
0%
Film 2008 Another Gay Sequel: Gays Gone Wild!
0%
TV Show 2020, 2022 Ant & Dec's Saturday Night Takeaway
0%
TV Film 1998 An Unexpected Life
0%
TV Show 2000 Any Day Now
0%
Web Series 2019 Archibald's Next Big Thing
0%
Short Film 2002 Arrested Soul
0%
Commercial 2020 AT&T
0%
Film 1996 A Very Brady Sequel
0%
Short Film 1989 Beauty
0%
Short Film 2015 Beauty and the Beat Boots
0%
Film 1995 Blue in the Face
0%
Web Series 2017 BoJack Horseman
0%
TV Show 2017 Broad City
0%
TV Show 2015 Bubble Guppies
0%
Film 1999 But I'm a Cheerleader
0%
TV Show 2020-Present Canada's Drag Race
0%
TV Show 2022-Present Canada's Drag Race: Canada vs the World
0%
TV Show 2020 Celebrity Family Feud
0%
TV Show 2022 Celebrity Lingo
0%
TV Show 2022 Celebrity Wheel of Fortune
0%
Web Series 2021-2022 Chicago Party Aunt
0%
Film 1994 Crooklyn
0%
Short Film 1989 Cupcake
0%
Film 2005 Dangerous Liaisons
0%
Podcast 2017 Deadly Manners
0%
TV Show 1998 Disney's Hercules: The Animated Series
0%
TV Show 2020-Present Drag Race Holland
0%
TV Show 2021 Drag Race Italia
0%
TV Show 2023 Drag Race Philippines
0%
TV Show 2018 Drag Race Thailand
0%
Web Series 2018, 2021 Drag Tots
0%
Web Series 2020 Earth to Ned
0%
Film 1999 EDtv
0%
Film 1996 Fled
0%
Short Film 2001 For the Love of May
0%
TV Show 2016-2017 Gay for Play Game Show Starring RuPaul
0%
Web Series 2017 Girlboss
0%
Commercial 2022 GMC
0%
TV Show 2015 Good Work
0%
Web Series 2019 Grace and Frankie
0%
Theater 2004 Hair
0%
Film 2018 Hall American: Forbidden
0%
TV Show 2013 Happy Endings
0%
TV Show 2015, 2017 Harvey Beaks
0%
Web Series 2014 Hey Qween!
0%
Film 2024 Hitpig
0%
TV Show 2017 Hollywood Game Night
0%
TV Show 2017 Hollywood Medium
0%
TV Show 1998, 2000, 2002 Hollywood Squares
0%
TV Show 2025 Hollywood Squares
0%
TV Mini-Series 2020 How's Your Head, Hun?
0%
Film 2008 How We Got Over
0%
TV Film 1992 Inferno
0%
TV Show 1995 In the House
0%
Documentary Series 2002, 2005 In the Life
0%
TV Show 2018 Jeopardy!
0%
TV Special 2013 Lady Gaga and the Muppets Holiday Spectacular
0%
TV Show 2017 Legends of Chamberlain Heights
0%
Documentary Series 2013 Life with La Toya
0%
TV Show 2013 Life with La Toya
0%
TV Show 2023-Present Lingo
0%
Web Special 2021 Madame X Presents: Madame Xtra Q&A
0%
Short Film 1986 Mahogany II
0%
TV Show 2018 Martha & Snoop's Potluck Dinner Party
0%
Commercial 2020-2022 MasterClass
0%
TV Show 2018 Match Game
0%
Web Series 2020 Muppets Now
0%
TV Show 2014 Mystery Girls
0%
TV Show 1996, 1998 Nash Bridges
0%
Film 2023 Nimona
0%
Commercial 1999, 2020 Old Navy
0%
Documentary 2016 Original Sin: Sex
0%
Film 2023 Ozi: Voice of the Forest
0%
Web Series 2021, 2022, 2023 Painted with Raven
0%
Short Film 1989 Pickle Surprise
0%
Short Film 1987 Police Lady
0%
TV Show 2001 Popular
0%
TV Show 2001 Port Charles
0%
TV Show 2008 Project Runway
0%
Short Film 1986 Psycho B***h
0%
TV Show 2000 Queer Duck
0%
Film 1996 Red Ribbon Blues
0%
Web Special 2021 Reno 911!: The Hunt for QAnon
0%
Short Film 1999 Rick and Steve: The Happiest Gay Couple in the World
0%
TV Show 2009 Rick & Steve: The Happiest Gay Couple in All the World
0%
Radio Show 1994 RuPaul Morning Show
0%
TV Special 1993 RuPaul's Christmas Ball
0%
TV Show 2012-Present RuPaul's Drag Race All Stars: Untucked!
0%
Short Documentary 2018 RuPaul's Drag Race: A Retrospective of the Cultural Phenomenon
0%
TV Show 2021-Present RuPaul's Drag Race Down Under
0%
Web Series 2024 RuPaul's Drag Race Global All Stars
0%
TV Special 2015 RuPaul's Drag Race: Green Screen Christmas
0%
Web Special 2018 RuPaul's Drag Race Holi-Slay Spectacular
0%
Web Series 2024 RuPaul's Drag Race Live Untucked
0%
TV Show 2022-Present RuPaul's Drag Race UK vs the World
0%
TV Show 2009-Present RuPaul's Drag Race: Untucked!
0%
TV Show 2010-2012 RuPaul's Drag U
0%
Short Film 2013 RuPaul's New Hire
0%
TV Show 2020-Present RuPaul's Secret Celebrity Drag Race
0%
Short Film 2019 Ru's Angels
0%
TV Show 1998 Sabrina the Teenage Witch
0%
Short Film 2009 Seeds
0%
Short Film 1997 Shantay
0%
TV Film 2000 Shock Video 2001: A Sex Odyssey
0%
Film 2018 Show Dogs
0%
TV Show 2014 Sing Your Face Off
0%
TV Show 1994 Sister, Sister
0%
Short Film 2004 Skin Walker
0%
TV Show 2014-2016 Skin Wars
0%
TV Special 2015 Skin Wars: Fresh Paint
0%
TV Show 2016 Skin Wars: Fresh Paint
0%
Web Series 2015 Skin Wars: Naked Truth
0%
TV Special 2014 Skin Wars Reunion
0%
Film 2019 Someone Great
0%
TV Show 2002 Son of the Beach
0%
TV Show 2019 SpongeBob SquarePants
0%
TV Documentary 2008 Starz Inside: Ladies or Gentlemen
0%
Short Documentary 2019 Stonewall Outloud
0%
TV Show 2019 Strictly Come Dancing
0%
Short Film 1984 Terror 3D
0%
Short Film 1983 Terror II
0%
TV Show 2017, 2022, 2023 The $100,000 Pyramid
0%
TV Film 2021 The Bitch Who Stole Christmas
0%
Short Film 1983 The Blue Boy Terror
0%
Film 1995 The Brady Bunch Movie
0%
Web Series 2019 The Bravest Knight
0%
TV Show 2014 The Comeback
0%
TV Show 1995 The Crew
0%
TV Show 2018 The Ellen DeGeneres Show
0%
Documentary 2000 The Eyes of Tammy Faye
0%
TV Show 2014 The Face
0%
TV Show 2014 The Face
0%
TV Show 1988 The Gong Show
0%
TV Short 2002 The Groovenians
0%
TV Show 2016 The Muppets.
0%
TV Show 2017 Then and Now with Andy Cohen
0%
TV Show 2020 The Price Is Right at Night
0%
TV Show 2012 The Real Housewives of Beverly Hills
0%
TV Show 2016 The Real O'Neals
0%
TV Show 1994 The RuPaul Show
0%
TV Show 1997-1998 The RuPaul Show
0%
TV Show 2011, 2012 The Soup
0%
TV Show 2022 The Tiny Chef Show
0%
TV Film 2000 The Truth About Jane
0%
TV Show 2019 The World's Best
0%
TV Show 2009 Tori & Dean: Inn Love
0%
Documentary 2019 Trixie Mattel: Moving Parts
0%
Film 2023 Trolls Band Together
0%
TV Show 2010 Ugly Betty
0%
Short Film 1989 Vampire Hustlers
0%
TV Show 1999 Veronica's Closet
0%
TV Show 2001 V.I.P.
0%
Short Film 1987 Voyeur
0%
TV Show 1998 Walker, Texas Ranger
0%
TV Show 2001 Weakest Link
0%
Film 2006 Whitepaddy
0%
Film 2001 Who Is Cletis Tout?
0%
Documentary 1995 Wigstock: The Movie
0%
Short Film 1983 Wild Thing
0%
TV Show 1996 Zig and Zag's Dirty Deeds
0%
Short Film 2006 Zombie Prom
0%
Film 2022 Zombies 3
0%
No matching quizzes found
Score Distribution
Percent of People with Each Score
Percentile by Number Answered
Your Score History
You have not taken this quiz since the last reset